00935 2200313 4500001002100000005001500021035002000036007000300056040001700059100002800076245013200104250001200236300003500248020001800283041000800301082001000309084001600319090002200335264003400357336002100391337003000412338002300442500004000465650001100505850001000516008004100526990002700567990002700594INLIS00000000000816920260526022446 a0010-0922000658ta aSBPUPADbind0 aJulie HickeyePengarang1 aKreasi Kartu Indah dan Memikat /cJulie Hickey ;Penerjemah,Feby Nurdiana ;Editor,Fita F Agriningrum ;Editor-2,Margaretha H Eddy a.-cet.1 a104 hlm :bilus. ;c21 x 28 cm a979-781-559-517aind a701.5 a701.5 JUL k a701.5 JUL k L22-6 a.--Jakarta :bErlangga,c2006 2rdacontentateks 2rdamediaatanpa perantara 2rdacarrieravolume aIndeks,104 ;Tentang Penulis,hlm 103 4aKreasi aPUPAD260526 0  a6756/BR/ARPUS/PDG/2007 a6754/BR/ARPUS/PDG/2007